| 000 | 00360nam a22001217a 4500 | ||
|---|---|---|---|
| 082 | _aTHE 200 | ||
| 100 |
_aAYESHA ASLAM _972875 |
||
| 245 | _aTH-SOF-0620-CPW FEED HIGH GAIN GROOVED MICROSTRIP ANTENNA ARRAY | ||
| 260 |
_aNUST COLLEGE OF EME _bISLAMABAD _c2018 |
||
| 650 |
_a MS-ELECT-51 MSTHESIS _972876 |
||
| 700 |
_aDR FAROOQ AHMED BHATTI _972877 |
||
| 942 | _cCF | ||
| 999 |
_c578847 _d578847 |
||